[Event "Provincial-ch Elche Preferente"]
[Site "Valencia"]
[Date "2011.11.19"]
[Round "6"]
[White "Coves Sepulcre, Laureano"]
[Black "Perez Rodriguez, Fco Javier"]
[Result "1/2-1/2"]
[WhiteElo "1885"]
[BlackElo "1931"]
[PlyCount "63"]
[EventDate "2011.10.01"]
[EventType "swiss"]
[EventRounds "7"]
[EventCountry "ESP"]
[SourceTitle "EXT 2024"]
[Source "ChessBase"]
[SourceDate "2023.10.10"]
[SourceVersion "1"]
[SourceVersionDate "2023.10.10"]
[SourceQuality "1"]

1. c4 Nf6 2. Nc3 e6 3. e4 d5 4. cxd5 exd5 5. e5 d4 6. exf6 dxc3 7. Qe2+ Be6 8. dxc3 Nd7 9. fxg7 Bxg7 10. Nf3 Qe7 11. g3 Nc5 12. Be3 0-0-0 13. Qc2 Bd5 14. Be2 Kb8 15. 0-0 h5 16. Rfd1 Ne4 17. c4 Bc6 18. Rxd8+ Rxd8 19. Rd1 Rg8 20. Nd4 Bxd4 21. Rxd4 h4 22. Bf4 Nc5 23. Be3 hxg3 24. hxg3 Rxg3+ 25. Kf1 Rh3 26. Rg4 Rh1+ 27. Rg1 Qh4 28. f3 Rxg1+ 29. Kxg1 Qg3+ 30. Kf1 Qh3+ 31. Ke1 Ne6 32. Qd1 1/2-1/2

[Event "Provincial-ch Elche Preferente"]
[Site "Valencia"]
[Date "2011.11.05"]
[Round "4"]
[White "Garbayo Valero, Santiago"]
[Black "Perez Rodriguez, Fco Javier"]
[Result "0-1"]
[WhiteElo "1566"]
[BlackElo "1931"]
[PlyCount "66"]
[EventDate "2011.10.01"]
[EventType "swiss"]
[EventRounds "7"]
[EventCountry "ESP"]
[SourceTitle "EXT 2024"]
[Source "ChessBase"]
[SourceDate "2023.10.10"]
[SourceVersion "1"]
[SourceVersionDate "2023.10.10"]
[SourceQuality "1"]

1. e4 e6 2. Nf3 d5 3. e5 c5 4. Bb5+ Nc6 5. d4 Bd7 6. 0-0 Qb6 7. Bxc6 Bxc6 8. b3 Ne7 9. Be3 Nf5 10. Re1 Be7 11. c3 0-0 12. Qc2 Rac8 13. Bg5 Bxg5 14. dxc5 Qxc5 15. Nxg5 g6 16. Nd2 Bd7 17. Rac1 Bb5 18. Ngf3 Rfd8 19. Qb2 Qe7 20. Nd4 Nxd4 21. cxd4 Bd3 22. Rc3 Bf5 23. Rec1 Qd7 24. g3 Rc6 25. Rxc6 bxc6 26. Qa3 Qb7 27. Qc5 Rc8 28. b4 Rb8 29. a3 Qa6 30. Qc3 Rb6 31. f3 h5 32. Qb3 Qe2 33. Qc3 Bh3 0-1